| 000 | 01213cam a2200277 i 4500 | ||
|---|---|---|---|
| 003 | SA-RiAUC | ||
| 005 | 20241217085415.0 | ||
| 008 | 241216s1993 su g 000r0dara c | ||
| 040 |
_aSA-RiAUC _bara _cSA-RiAUC _erda |
||
| 082 | 0 | 4 | _a230 |
| 090 |
_a230 _bم غ ل |
||
| 100 | 0 |
_aمغلطاي بن قليج بن عبد الله البكجري، _d689-762 هجري _eمؤلف. |
|
| 245 | 1 | 2 |
_aالدر المنظوم من كلام المصطفى المعصوم صلى الله عليه وسلم / _cالحافظ علاء الدين مغلطاني البكجري الحنفي ؛ إشراف محمد عوامة ؛ تقديم حسن عبجي. |
| 264 | 1 |
_aالمدينة المنورة : _bحسن عبجي، _c[1993] |
|
| 300 |
_a588 صفحة ؛ _c24 سم |
||
| 336 |
_aنص _btxt _2rdacontent _3كتاب |
||
| 337 |
_aبدون وسيط _bn _2rdamedia |
||
| 338 |
_aمجلد _bnc _2rdacarrier |
||
| 650 | 7 |
_aعلم الحديث _2aucsh |
|
| 650 | 7 |
_aالحديث _xأحكام _2aucsh |
|
| 650 | 7 |
_aالحديث _xجوامع الفنون _2aucsh |
|
| 700 | 1 |
_aعوامة، محمد، _d1940- _eمشرف. |
|
| 700 | 1 |
_aعبجي، حسن _eمقدم. |
|
| 942 |
_2ddc _cBOOK _n0 |
||
| 949 |
_aSA-JeALM _d241216 _umohamedma123 _n1 |
||
| 999 |
_c3591 _d3591 |
||